000 00556nam a2200181Ia 4500
008 230718s9999 xx 000 0 und d
020 _a9788130934181
041 _aeng
082 _a155.2
_bBAR
100 _aBarrett J.
_9108224
245 _aAptitude, Personality And Motivation Tests
_bAnalyse Your Talents And Personality, And Plan Your Career
250 _a3rd ed.
260 _c2016
_bSource Book
300 _a244
365 _cRs.
_b250.00
700 _aBarrett J.
_9108224
906 _dO:0360507-Oct-2016B:SE/SI/338203-Oct-2016
_cGENRL
_b312.5
999 _c343454
_d343454